| 000 | 01021nas a2200289 i 4500 | ||
|---|---|---|---|
| 001 | 2257 | ||
| 003 | ES-MaACL | ||
| 005 | 20250728030929.0 | ||
| 007 | t| | ||
| 008 | 950801d19441954sp mr p 0 1 |spa d | ||
| 022 | _a2480-6706 | ||
| 080 | _a77 | ||
| 245 | 0 | 0 |
_aSombras : _brevista mensual de fotografía : órgano oficial de la Real Sociedad Fotográfica / _cdir., Domingo de Luis. |
| 260 |
_aMadrid : _bReal Sociedad Fotográfica, _c1944-1954. |
||
| 300 |
_a6 v. : _bil., fot. ; _c24 cm. |
||
| 310 | _aMensual | ||
| 362 | 1 | _aAño I (jun. 1944)-n. 93 (feb.1954) | |
| 530 | _aDisponible en formato digital. | ||
| 650 | 7 |
_aFotografía _2embne _912943 |
|
| 650 | 4 |
_aFotografía- _zEspaña. _912950 |
|
| 700 | 1 |
_aLuis, Domingo de, _edir. _9194450 |
|
| 710 | 2 |
_aReal Sociedad Fotográfica. _96402 |
|
| 852 | 4 |
_aES-MaACL _jHEM-H-393 _xHEM-1393 _d |
|
| 856 | 4 |
_uhttp://www.memoriademadrid.es/buscador.php?accion=VerFicha&id=23486 _zMemoriadeMadrid |
|
| 866 | 0 | _o1944-49(1950). | |
| 999 |
_c2257 _d2257 |
||